Statistics for Countries that Have Controlled Most of Europe

Click here to take the quiz!

General Stats

  • This quiz has been taken 52 times
  • The average score is 8 of 14

Answer Stats

% Country % Correct
59%Germany
100%
49%Russia
100%
21%France
100%
8%Spain
90%
7%Austria
81%
12%Ottoman Empire
73%
18%Roman Empire
67%
11%Sweden
58%
10%Holy Roman Empire
50%
13%Denmark
42%
11%Byzantine Empire
27%
8%Poland-Lithuania
23%
35%Mongol Empire
21%
20%Golden Horde
8%

Score Distribution

Percentile by Number Answered

Percent of People with Each Score

Your Score History

You have not taken this quiz